| 000 | 01753cam a2200409 a 4500 | ||
|---|---|---|---|
| 001 | 13656307 | ||
| 005 | 20080307142238.0 | ||
| 008 | 040715s2004 gw a b 001 0 eng | ||
| 010 | _a 2004273357 | ||
| 015 | _aGBA3-T6786 | ||
| 016 | 7 |
_a968669956 _2GyFmDB |
|
| 020 | _a354040886X | ||
| 020 | _a9783540408864 | ||
| 035 | _a(OCoLC)ocm53392873 | ||
| 040 |
_aUKM _cUKM _dOHX _dBGU _dDLC |
||
| 042 | _alccopycat | ||
| 050 | 0 | 0 |
_aTK8360.O67 _bN37 2004 |
| 072 | 7 |
_aQD _2lcco |
|
| 082 | 0 | 0 |
_a681.25 _222 _bNAR |
| 100 | 1 |
_aNarayanaswamy, R. _q(Ramaier) _927580 |
|
| 245 | 1 | 0 |
_aOptical Sensors : _bIndustrial, Environmental, and Diagnostic Applications / _cRamaier Narayanaswamy, Otto S. Wolfbeis. |
| 260 |
_aBerlin ; _aNew York : _bSpringer, 2004 _cc2004. |
||
| 300 |
_axx, 421 p. : _bill. (some col.) ; _c24 cm. |
||
| 490 |
_927579 _aSpringer Series on Chemical Sensors and Biosensors ; _v01 |
||
| 504 | _aIncludes bibliographical references and index | ||
| 650 | 0 |
_aOptical detectors. _927581 |
|
| 650 | 0 |
_aChemical detectors. _927582 |
|
| 650 | 0 |
_aBiosensors. _927583 |
|
| 653 |
_bGen _cOctober2011 |
||
| 700 | 1 |
_aWolfbeis, Otto S. _927584 |
|
| 856 | 4 | 2 |
_3Contributor biographical information _uhttp://www.loc.gov/catdir/enhancements/fy0817/2004273357-b.html |
| 856 | 4 | 2 |
_3Publisher description _uhttp://www.loc.gov/catdir/enhancements/fy0817/2004273357-d.html |
| 856 | 4 | 1 |
_3Table of contents only _uhttp://www.loc.gov/catdir/enhancements/fy0817/2004273357-t.html |
| 942 |
_2ddc _cBB |
||
| 999 |
_c16154 _d16154 |
||